[Event "Helsingor Xtracon op"]
[Site "Helsingor"]
[Date "2019.07.28"]
[Round "10"]
[White "Hamalainen, Joel"]
[Black "Bredeli, Kent Ove I"]
[Result "1-0"]
[WhiteElo "1736"]
[BlackElo "1515"]
[PlyCount "63"]
[EventDate "2019.07.20"]
[EventType "swiss"]
[EventRounds "10"]
[EventCountry "DEN"]
[SourceTitle "CBM 191 Extra"]
[Source "ChessBase"]
[SourceDate "2019.09.30"]
[SourceVersion "1"]
[SourceVersionDate "2019.09.30"]
[SourceQuality "1"]

1. d4 d5 2. Bf4 Nf6 3. e3 Bf5 4. Nc3 c6 5. f3 e6 6. g4 Bg6 7. h4 h6 8. Bd3 Bxd3 9. Qxd3 Bd6 10. Nge2 Na6 11. a3 Nc7 12. 0-0-0 b5 13. g5 Bxf4 14. Nxf4 Nd7 15. gxh6 Rxh6 16. Nce2 Rxh4 17. Qc3 Nb8 18. Qa5 Kd7 19. Nd3 Nba6 20. Ne5+ Ke8 21. Nxc6 Qg5 22. Qc3 Kd7 23. Ne5+ Ke7 24. Rdg1 Rxh1 25. Rxh1 Qg2 26. Qe1 Qg5 27. f4 Qf6 28. Ng3 g6 29. Rh7 Rf8 30. Qc3 g5 31. Qc6 gxf4 32. Qd7# 1-0

[Event "Helsingor Xtracon op"]
[Site "Helsingor"]
[Date "2019.07.23"]
[Round "5"]
[White "Andersson, Lars"]
[Black "Hamalainen, Joel"]
[Result "1-0"]
[WhiteElo "1990"]
[BlackElo "1736"]
[PlyCount "77"]
[EventDate "2019.07.20"]
[EventType "swiss"]
[EventRounds "10"]
[EventCountry "DEN"]
[SourceTitle "CBM 191 Extra"]
[Source "ChessBase"]
[SourceDate "2019.09.30"]
[SourceVersion "1"]
[SourceVersionDate "2019.09.30"]
[SourceQuality "1"]

1. d4 Nf6 2. Bf4 e6 3. e3 c5 4. c3 b6 5. Nf3 Bb7 6. Bd3 Be7 7. h3 0-0 8. 0-0 d6 9. Qe2 Re8 10. Nbd2 cxd4 11. exd4 Nbd7 12. Rfe1 Bf8 13. Rad1 h6 14. Bc2 Nd5 15. Bh2 N7f6 16. a3 a5 17. c4 Ba6 18. Bd3 Ne7 19. Rc1 d5 20. c5 Bxd3 21. Qxd3 bxc5 22. Rxc5 Rc8 23. Rec1 Rxc5 24. Rxc5 Qa8 25. Qc3 Rc8 26. Bd6 Rxc5 27. dxc5 Nc6 28. Bxf8 Kxf8 29. Ne5 Nxe5 30. Qxe5 Qc6 31. Qb8+ Ne8 32. b4 Qa4 33. b5 Qxa3 34. c6 Qc5 35. Nf3 Qc1+ 36. Kh2 a4 37. b6 Qxc6 38. b7 Qc1 39. Qg3 1-0

[Event "Helsingor Xtracon op"]
[Site "Helsingor"]
[Date "2019.07.22"]
[Round "4"]
[White "Hamalainen, Joel"]
[Black "Steenstrup, Svend"]
[Result "1-0"]
[WhiteElo "1736"]
[BlackElo "1924"]
[PlyCount "107"]
[EventDate "2019.07.20"]
[EventType "swiss"]
[EventRounds "10"]
[EventCountry "DEN"]
[SourceTitle "CBM 191 Extra"]
[Source "ChessBase"]
[SourceDate "2019.09.30"]
[SourceVersion "1"]
[SourceVersionDate "2019.09.30"]
[SourceQuality "1"]

1. e4 d5 2. exd5 Qxd5 3. Nc3 Qd6 4. d4 Nf6 5. Nf3 a6 6. Bd3 Bg4 7. Ne4 Nxe4 8. Bxe4 Nc6 9. 0-0 f5 10. Bxc6+ Qxc6 11. d5 Qg6 12. Ne5 Bxd1 13. Nxg6 hxg6 14. Rxd1 0-0-0 15. Bg5 Rd6 16. c4 c6 17. dxc6 e5 18. cxb7+ Kxb7 19. Rxd6 Bxd6 20. Rd1 Kc6 21. Rd5 Ra8 22. Bd2 Rb8 23. b3 f4 24. f3 Bc5+ 25. Kf1 Re8 26. Bc3 Bd6 27. Ke2 e4 28. Bxg7 exf3+ 29. Kxf3 Re3+ 30. Kf2 g5 31. h3 Rg3 32. Bf6 g4 33. h4 Re3 34. h5 Bb4 35. Rd1 g3+ 36. Kf1 f3 37. Bd4 Re4 38. gxf3 Rh4 39. Kg2 Bd6 40. Be3 Rxh5 41. f4 Rh2+ 42. Kxg3 Rxa2 43. Kf3 Rb2 44. Rd3 a5 45. Ke4 Rc2 46. f5 a4 47. bxa4 Rxc4+ 48. Rd4 Rc3 49. f6 Bc5 50. f7 Ra3 51. Rc4 Rxe3+ 52. Kf4 Re1 53. Rxc5+ Kb6 54. Rf5 1-0

[Event "Helsingor Xtracon op"]
[Site "Helsingor"]
[Date "2019.07.20"]
[Round "1"]
[White "Andersen, Morten"]
[Black "Hamalainen, Joel"]
[Result "1-0"]
[WhiteElo "2212"]
[BlackElo "1736"]
[PlyCount "53"]
[EventDate "2019.07.20"]
[EventType "swiss"]
[EventRounds "10"]
[EventCountry "DEN"]
[SourceTitle "CBM 191 Extra"]
[Source "ChessBase"]
[SourceDate "2019.09.30"]
[SourceVersion "1"]
[SourceVersionDate "2019.09.30"]
[SourceQuality "1"]

1. c4 f5 2. Nc3 Nf6 3. g3 e6 4. Bg2 Bb4 5. Qc2 0-0 6. e3 Bxc3 7. Qxc3 a5 8. Ne2 Ne4 9. Qc2 Na6 10. a3 d6 11. 0-0 Nf6 12. d4 e5 13. dxe5 dxe5 14. Rd1 Qe8 15. Bd2 a4 16. Nc3 Nc5 17. Nb5 Rf7 18. Bc3 Nb3 19. Rab1 Rd7 20. Rxd7 Qxd7 21. Bxe5 Ne8 22. Rd1 Qe7 23. f4 Ra6 24. Qd3 Kf7 25. Qd8 Qxd8 26. Rxd8 Be6 27. Rxe8 1-0